| 000 | 00511nam a2200169 i 4500 | ||
|---|---|---|---|
| 001 | 95191 | ||
| 003 | ES-MaACL | ||
| 005 | 20230906181643.0 | ||
| 007 | t| | ||
| 008 | 050524s1972 sp ||||1| spa d | ||
| 100 | 1 |
_aLutz, Vera C. _974887 |
|
| 245 | 1 | 0 |
_aPlanificación central en una economía de mercado / _cVera C. Lutz; [traducción de Francisco Sanuy]. |
| 260 |
_aBarcelona : _bAriel, _c1972. |
||
| 300 |
_a286 p. ; _c19 cm. |
||
| 700 | 1 |
_aSanuy, Francesc. _9103550 |
|
| 852 |
_aES-MaACL _jC-49290 _bR.84209 |
||
| 999 |
_c95191 _d95191 |
||